Social Science X (Record no. 11181)

MARC details
000 -LEADER
fixed length control field 00263nam a22000977a 4500
008 - FIXED-LENGTH DATA ELEMENTS--GENERAL INFORMATION
fixed length control field 181008b ||||| |||| 00| 0 eng d
020 ## - INTERNATIONAL STANDARD BOOK NUMBER
International Standard Book Number 9789352831647
100 ## - MAIN ENTRY--PERSONAL NAME
Personal name Chowdhry, N, K
9 (RLIN) 6940
245 ## - TITLE STATEMENT
Title Social Science X
260 ## - PUBLICATION, DISTRIBUTION, ETC. (IMPRINT)
Place of publication, distribution, etc. New delho
Name of publisher, distributor, etc. New Delhi Publication
Date of publication, distribution, etc. 2017
Holdings
Withdrawn status Lost status Source of classification or shelving scheme Damaged status Koha normalized classification for sorting Not for loan Home library Current library Shelving location Date acquired Total Checkouts Full call number Barcode Date last seen Date last checked out Price effective from Koha item type
    Dewey Decimal Classification   CHO_300_000000000000000   Good Samaritan School Library Good Samaritan School Library Social Science 10/08/2018 4 CHO300 CHO15134 04/29/2023 04/29/2023 10/08/2018 BOOK

Powered by Koha